Normal view MARC view

Entry Personal Name

Number of records used in: 1

001 - CONTROL NUMBER

  • control field: 15702

003 - CONTROL NUMBER IDENTIFIER

  • control field: OSt

005 - DATE AND TIME OF LATEST TRANSACTION

  • control field: 20260425150045.0

008 - FIXED-LENGTH DATA ELEMENTS

  • fixed length control field: 260425|| aca||aabn | a|a d

040 ## - CATALOGING SOURCE

  • Original cataloging agency: OSt
  • Transcribing agency: OSt

100 ## - HEADING--PERSONAL NAME

  • Personal name: Linde, Richard M.

670 ## - SOURCE DATA FOUND

  • Source citation: Work cat.: (OSt)5815: Wakita, Osamu A. 15700, The professional practice of architectural detailing /, c1977.